European Cities Beginning With "C" Map Quiz - Statistics

General Stats
  • This quiz has been taken 4,633 times
  • The average score is 14 of 17
Answers on the Map
Answers color-coded by a green-red scale on the quiz's map according to % correct below.
 
Answer Stats
Answer % Correct
Cambridge
91%
Copenhagen
91%
Cork
91%
Cardiff
90%
Cologne
90%
Chisinau
89%
Cannes
88%
Calais
83%
Cluj-Napoca
79%
Corfu
78%
Catania
75%
Cádiz
74%
Clermont-Ferrand
74%
Cagliari
73%
Córdoba
73%
Coventry
64%
Cherbourg
60%
No matching quizzes found
Score Distribution
Percent of People with Each Score
Percentile by Number Answered
Your Score History
You have not taken this quiz